1698 1557 1662 1362 1324 1810 1305 1899 1066 1501 1893 1878 1687 1745 1532 1795 1440 1043 1879 1693 1280 1956 1154 1876 1873 1102 1276 1794 1501 1650 1151 1262 1797 1693 1711 1877 1888 1578 1687 1263 1830 1323 1345 1069 1657 1879 1163 1399 1446 1635 1477 1149 1344 1408 1180 1590 1036 1117 1031 1228 1906 1495 1247 1029 1987 1852 1175 1829 1728 1551 1908 1918 1053 1326 1221 1772 1662 1197 1161 1603 1891 1611 1455 1587 1676 1090 1277 1528 1042 1415 1408 1391 1454 1980 1815 1764 1036 1773 1815 BCNSPRNW ULIB Ver.6.0+V

เปลี่ยนเป็นภาษาไทย

Change to English
 แสดงรายละเอียดบรรณานุกรม
  กลับหน้าหลัก

Brief Record : Get Marc (ISO 2709) : E-mail record : QR code < ปิดหน้าต่าง
LEADER : 00000nam 2200000uu 4500
001    13399126584
003     ULIB
008    020711s2561 th a 000 0 tha d
020    ^a9786168145074
050    ^aนว^bณ321ก
100    ^aณัฐณรา
245    ^aกำแพงสายรุ้ง ซีรีส์ชุดสี่ดรุณี/^cณัฐณรา
250    ^aพิมพ์ครั้งที่ 2
260    ^aกรุงเทพฯ :^bบางรักษ์,^c2561
300    ^a576 หน้า;^b26 ซม.
650    ^aนวนิยาย
945    ^p420^l0^i004779
999    ^aประนอม เกษจรัล
รายการนี้ยังไม่มีแท็ก
คุณยังไม่ได้ล็อกอิน คุณสามารถมีกิจกรรมร่วมกับเว็บไซต์ได้ แต่ต้องล็อกอินก่อน ::
  ล็อกอิน

รายการสื่อสารสนเทศ

ลำดับที่ ประเภท เลขเรียก/บาร์โค้ด สถานที่ สถานะ
1. นวนิยาย
นวนิยาย
นว ณ321ก ฉ.1 
  Barcode: 004779
ห้องสมุดวิทยาเขตสวรรค์ประชารักษ์
►นวนิยาย
บนชั้น
  ขอยืม

รายการใกล้เคียง
    ผู้แต่ง [ณัฐณรา]

    หัวเรื่อง [นวนิยาย]

BibComment


ยังไม่เคยถูกคอมเมนท์

คอมเมนท์ทรัพยากรรายการนี้
  คอมเมนท์: กำแพงสายรุ้ง ซีร..


 Copyright 2026. Bcnsprnw @Library